000 00629nam a22002177a 4500
008 260603b2019 mx a|||| |||| 000 0 spa d
020 _a978-607-16-5634-6
040 _bspa
041 _aspa
082 0 4 _2I / 808.068 M /
_a337 S
100 _aANDREA MATURANA . FRANCISCOJAVIER OLEA
245 _aSECRETO
260 _aFONDO CULTURAL ECONOMIO
300 _a46 paginas;
_b28.7 cm x 22.3 cm
336 _2rdacontent
_atexto
_btxt
337 _2rdamedia
_asin mediación
_bn
338 _2rdacarrier
_avolumen
_bnc
650 _2LITERATURA Y RETÓRICA
650 _2RETÓRICA Y COLECCIONES DE LITERATURA
942 _2ddc
_cBKN
999 _c68597
_d68597